<?xml version="1.0" encoding="UTF-8"?>
<record
    xmlns:xsi="http://www.w3.org/2001/XMLSchema-instance"
    xsi:schemaLocation="http://www.loc.gov/MARC21/slim http://www.loc.gov/standards/marcxml/schema/MARC21slim.xsd"
    xmlns="http://www.loc.gov/MARC21/slim">

  <leader>02889nab a2200313 i 4500</leader>
  <controlfield tag="003">BR-BrBNA</controlfield>
  <controlfield tag="005">20240314124109.0</controlfield>
  <controlfield tag="008">240314b2012    bl.qr|pooa||| 00| 0 eng |</controlfield>
  <datafield tag="040" ind1=" " ind2=" ">
    <subfield code="a">BR-BrBNA</subfield>
    <subfield code="b">eng</subfield>
  </datafield>
  <datafield tag="072" ind1=" " ind2=" ">
    <subfield code="a">L73</subfield>
  </datafield>
  <datafield tag="072" ind1=" " ind2=" ">
    <subfield code="a">L10</subfield>
  </datafield>
  <datafield tag="100" ind1=" " ind2=" ">
    <subfield code="a">Hernandes, C.</subfield>
  </datafield>
  <datafield tag="100" ind1=" " ind2=" ">
    <subfield code="a">Cardozo, G.P.</subfield>
  </datafield>
  <datafield tag="100" ind1=" " ind2=" ">
    <subfield code="a">Fran&#xE7;a, S.C.</subfield>
  </datafield>
  <datafield tag="100" ind1=" " ind2=" ">
    <subfield code="a">Fachin, A.L.</subfield>
  </datafield>
  <datafield tag="100" ind1=" " ind2=" ">
    <subfield code="a">Marins, M.</subfield>
  </datafield>
  <datafield tag="100" ind1=" " ind2=" ">
    <subfield code="a">Louren&#xE7;o, M.V.</subfield>
  </datafield>
  <datafield tag="245" ind1=" " ind2=" ">
    <subfield code="a">Cytotoxic effect of jasmonate and methyl jasmonate on a canine macrophage tumor cell line</subfield>
  </datafield>
  <datafield tag="500" ind1=" " ind2=" ">
    <subfield code="a">Publica&#xE7;&#xE3;o on-line; 10 ref.; 2 illus.; Summaries (En, Pt)</subfield>
  </datafield>
  <datafield tag="520" ind1=" " ind2=" ">
    <subfield code="a">

ABSTRACT: 

Cancer is one of the leading causes of death in dogs, a fact that has boosted the
investigation for new more specific antitumor drugs. This study evaluated the antitumor activity of
jasmonates in the canine macrophage cell line DH82 (ATCC # CRL-10389) isolated from a case of
malignant histiocytoma. The activities of methyl jasmonate and jasmonic acid were compared to
that of doxorubicin by the MTT assay. Methyl jasmonate resulted in the highest inhibition of cell
growth (82.2%), followed by doxorubicin (80.7%) and jasmonic acid (36.5%). More detailed studies
regarding the action of jasmonates on animal health are necessary, but the present results indicate
methyl jasmonate as an alternative to the development of drugs for the treatment of canine
oncologies.

Key words: jasmonates, histiocytoma, dogs</subfield>
  </datafield>
  <datafield tag="520" ind1=" " ind2=" ">
    <subfield code="a">

RESUMO: 

Efeito citot&#xF3;xico de jasmonato e metiljasmonato em linhagem tumoral celular
de macr&#xF3;fagos caninos. O c&#xE2;ncer &#xE9; uma das principais causas de morte em c&#xE3;es o que tem
impulsionado a pesquisa por novos antitumorais com a&#xE7;&#xE3;o mais espec&#xED;fica. Neste trabalho, a
atividade antitumoral de jasmonatos foi avaliada na linhagem de macr&#xF3;fagos caninos DH82 (ATCC
# CRL-10389), a qual &#xE9; originada de um caso de histiocitoma maligno. A atividade do metil
jasmonato (MJ) e do &#xE1;cido jasm&#xF4;nico (AJ) foram comparadas &#xE0; doxorrubicina, atrav&#xE9;s do m&#xE9;todo
de colora&#xE7;&#xE3;o MTT. O MJ apresentou maior inibi&#xE7;&#xE3;o (82,2%), seguido da Doxorrubicina (80,7%) e
AJ (36,5%). Estudos mais completos da a&#xE7;&#xE3;o dos jasmonatos na sa&#xFA;de animal ainda s&#xE3;o
necess&#xE1;rios, por&#xE9;m, os dados deste trabalho apontam o MJ como alternativa para o desenvolvimento
de drogas para o tratamento das oncologias caninas.

Palavras-chave: jasmonatos, histiocitoma, c&#xE3;es</subfield>
  </datafield>
  <datafield tag="650" ind1=" " ind2=" ">
    <subfield code="a">C&#xC3;O</subfield>
  </datafield>
  <datafield tag="650" ind1=" " ind2=" ">
    <subfield code="a">DOEN&#xC7;A ANIMAL</subfield>
  </datafield>
  <datafield tag="650" ind1=" " ind2=" ">
    <subfield code="a">C&#xC2;NCER</subfield>
  </datafield>
  <datafield tag="773" ind1="0" ind2=" ">
    <subfield code="0">3543</subfield>
    <subfield code="9">313852</subfield>
    <subfield code="d">Botucatu-SP Instituto de Bioci&#xEA;ncias - Departamento de Qu&#xED;mica e Bioqu&#xED;mica 1998</subfield>
    <subfield code="o">2024-0124</subfield>
    <subfield code="t">Revista Brasileira de Plantas Medicinais (Brazil)</subfield>
    <subfield code="x">1516-0572</subfield>
    <subfield code="g">v. 14(1) p. 122-124; (2012)</subfield>
    <subfield code="w">BR2024000159</subfield>
  </datafield>
  <datafield tag="856" ind1=" " ind2=" ">
    <subfield code="u">https://www.scielo.br/j/rbpm/a/Jqn8Z8yGWm69WKtP5tKwmdz/?format=pdf&amp;lang=en</subfield>
  </datafield>
  <datafield tag="942" ind1=" " ind2=" ">
    <subfield code="c">Anal&#xED;tica</subfield>
  </datafield>
  <datafield tag="999" ind1=" " ind2=" ">
    <subfield code="c">298789</subfield>
    <subfield code="d">298789</subfield>
  </datafield>
</record>
